Jugadores Inglaterra #2 - Estadísticas

Estadísticas generales
  • Esta prueba ha sido intentada 37 veces
  • La puntuación promedio es 17 de 20
Estadísticas de respuestas
Imagen Respuesta % Correcto
Grealish
97%
James
97%
Sancho
97%
Greenwood
93%
Jones
93%
Gordon
90%
Joe Gomez
90%
Loftus-Cheek
90%
Pope
90%
Shaw
90%
Trippier
90%
Eze
87%
Smalling
87%
Wan Bissaka
87%
White
77%
Gibbs-White
70%
Konsa
70%
Rogers
63%
Tarkowski
63%
Barnes
50%
No se encontraron pruebas coincidentes
Distribución de puntuación
Porcentaje de gente con cada puntuación
Porcentaje por número respondido
Historial de tus puntuaciones
No has intentado esta prueba.